[Event "IV Weekend A"]
[Site "Recco ITA"]
[Date "2010.11.27"]
[Round "3"]
[White "Grinza, Andrea"]
[Black "Bellia, Fabrizio"]
[Result "0-1"]
[WhiteElo "2207"]
[BlackElo "2399"]
[PlyCount "129"]
[EventDate "2010.11.26"]

1. d4 Nf6 2. c4 e6 3. g3 c5 4. Nf3 cxd4 5. Nxd4 d5 6. Bg2 Be7 7. O-O O-O 8.
cxd5 Nxd5 9. e4 Nb4 10. Nc3 N8c6 11. Nxc6 Nxc6 12. Be3 Qa5 13. Qa4 Bd7 14. Rfd1
Rfd8 15. Qxa5 Nxa5 16. b3 b6 17. Rd3 Be8 18. Rad1 Rxd3 19. Rxd3 Rc8 20. e5 Nc6
21. Bxc6 Bxc6 22. f4 h5 23. Kf2 f6 24. Bd4 Kf7 25. Ke3 Ba3 26. Rd1 Rd8 27. Ne4
Bxe4 28. Kxe4 Rc8 29. Be3 Ke7 30. f5 Rc3 31. exf6+ gxf6 32. Rf1 e5 33. Rd1 Rc2
34. Rd2 Rc1 35. Kd3 Rf1 36. Rf2 Re1 37. Rc2 Kd7 38. Rc4 b5 39. Rh4 a6 40. Bd2
Rd1 41. Ke2 Ra1 42. Rxh5 Rxa2 43. Rh7+ Kc6 44. Ke1 e4 45. Bf4 Kc5 46. h4 Kd4
47. Rd7+ Kc3 48. h5 Kxb3 49. h6 Rh2 50. g4 Rh1+ 51. Kf2 Bc5+ 52. Kg2 Rg1+ 53.
Kh3 Rh1+ 54. Kg2 Rg1+ 55. Kh2 Rxg4 56. h7 Rh4+ 57. Kg3 Rh1 58. Kg4 e3 59. Bg3
e2 60. Be1 Rxe1 61. h8=Q Rg1+ 62. Kf4 e1=Q 63. Qh3+ Kb4 64. Rd3 Rf1+ 65. Kg4
0-1

[Event "IV Weekend A"]
[Site "Recco ITA"]
[Date "2010.11.27"]
[Round "3"]
[White "Molina, Fabrizio"]
[Black "Lupini, Stefano"]
[Result "1-0"]
[WhiteElo "2209"]
[BlackElo "1924"]
[PlyCount "52"]
[EventDate "2010.11.26"]

1. Nf3 c5 2. c4 Nc6 3. g3 e5 4. d3 g6 5. Bg2 Bg7 6. Nc3 Nge7 7. Nd2 d6 8. Nf1
O-O 9. Bg5 f6 10. Bd2 h6 11. h4 f5 12. f4 Rb8 13. h5 Qe8 14. Qc1 e4 15. Bxe4
fxe4 16. Nxe4 Nd5 17. Bc3 gxh5 18. Bxg7 Kxg7 19. Qe3 Kg6 20. Qf3 h4 21. e3 Qe7
22. O-O-O Ndb4 23. Kb1 Be6 24. g4 d5 25. cxd5 Nxd5 26. Nxc5 Ndb4 1-0

[Event "IV Weekend A"]
[Site "Recco ITA"]
[Date "2010.11.27"]
[Round "3"]
[White "Musso, Valerio"]
[Black "Del Noce, Roberto"]
[Result "1-0"]
[WhiteElo "2002"]
[BlackElo "1866"]
[PlyCount "73"]
[EventDate "2010.11.26"]

1. e4 c5 2. Nf3 Nc6 3. d4 cxd4 4. Nxd4 Nf6 5. Nc3 e5 6. Ndb5 d6 7. Bg5 a6 8.
Bxf6 gxf6 9. Na3 b5 10. Nd5 Bg7 11. c3 f5 12. Bd3 Be6 13. O-O f4 14. Nc2 Ra7
15. a4 Qg5 16. Kh1 Bxd5 17. exd5 Ne7 18. axb5 O-O 19. Rxa6 Rxa6 20. bxa6 f5 21.
f3 Kh8 22. c4 Rg8 23. Rg1 Ng6 24. b4 Nh4 25. g3 fxg3 26. Rxg3 Qf4 27. b5 Ng6
28. b6 e4 29. fxe4 fxe4 30. Be2 Be5 31. b7 Qf2 32. Rg2 Qa7 33. Nb4 Ne7 34.
Rxg8+ Kxg8 35. Qg1+ Qxg1+ 36. Kxg1 Bd4+ 37. Kf1 1-0

[Event "IV Weekend A"]
[Site "Recco ITA"]
[Date "2010.11.27"]
[Round "3"]
[White "Naumkin, Igor"]
[Black "Stoppa, Omar"]
[Result "1/2-1/2"]
[WhiteElo "2506"]
[BlackElo "2258"]
[PlyCount "33"]
[EventDate "2010.11.26"]

1. d4 Nf6 2. c4 a6 3. Nc3 c5 4. d5 b5 5. e4 b4 6. Na4 Nxe4 7. Bd3 Nf6 8. Nxc5
e6 9. Nb3 exd5 10. cxd5 Bb7 11. Ne2 Bd6 12. O-O O-O 13. Ng3 Nxd5 14. Nd4 Re8
15. Nh5 g6 16. Bg5 Be7 17. Ng3 1/2-1/2

[Event "IV Weekend A"]
[Site "Recco ITA"]
[Date "2010.11.27"]
[Round "3"]
[White "Pesce, Gabriele"]
[Black "Poli, Giuseppe"]
[Result "1-0"]
[WhiteElo "2179"]
[BlackElo "1921"]
[PlyCount "59"]
[EventDate "2010.11.26"]

1. e4 c5 2. Nc3 Nc6 3. f4 e6 4. Nf3 d6 5. Bc4 a6 6. a4 Nf6 7. d3 Be7 8. O-O O-O
9. Qe2 d5 10. Bb3 Nd4 11. Nxd4 cxd4 12. Nb1 dxe4 13. dxe4 b6 14. Nd2 Bb7 15.
Bc4 Qc7 16. Bd3 Nd7 17. Nf3 Bc5 18. Bd2 a5 19. Kh1 Rae8 20. e5 f6 21. c3 dxc3
22. Bxc3 f5 23. Bc4 h6 24. Rfd1 Kh7 25. Ng5+ Kg6 26. Nxe6 Rxe6 27. Bxe6 Nb8 28.
Bxf5+ Kxf5 29. Qh5+ Ke6 30. f5+ 1-0

[Event "IV Weekend A"]
[Site "Recco ITA"]
[Date "2010.11.27"]
[Round "3"]
[White "Pinto, Antonio"]
[Black "Mortola, Alberto"]
[Result "0-1"]
[WhiteElo "1940"]
[BlackElo "1983"]
[PlyCount "104"]
[EventDate "2010.11.26"]

1. e4 e5 2. Nc3 Nf6 3. f4 d5 4. fxe5 Nxe4 5. Nf3 Nc6 6. Bb5 Bg4 7. Qe2 Nxc3 8.
bxc3 Be7 9. d4 Qd7 10. O-O O-O 11. Qf2 f6 12. Qg3 Bxf3 13. gxf3 fxe5 14. dxe5
Qf5 15. f4 Nxe5 16. Re1 Bh4 17. Rxe5 Bxg3 18. Rxf5 Bxh2+ 19. Kxh2 Rxf5 20. Bd3
Rf6 21. Bd2 c5 22. c4 d4 23. Rb1 b6 24. Re1 Kf8 25. Kg3 h6 26. a4 Re8 27. Rxe8+
Kxe8 28. Kf3 g5 29. Kg4 gxf4 30. Bxf4 Kd7 31. Bd2 Kc7 32. Bf5 h5+ 33. Kg5 Rf8
34. Be4 Rf2 35. Bf4+ Kc8 36. Bf5+ Kb7 37. Be4+ Ka6 38. Be3 Re2 39. Bd3 Rg2+ 40.
Kh4 Ka5 41. Bf1 Rg7 42. Kxh5 Kxa4 43. Kh6 Rb7 44. Bf4 a5 45. Bc1 Kb4 46. Kg6 a4
47. Kf6 a3 48. Bd2+ Ka4 49. Bc1 a2 50. Bb2 Rb8 51. Bxd4 Rf8+ 52. Kg7 Rxf1 0-1

[Event "IV Weekend A"]
[Site "Recco ITA"]
[Date "2010.11.28"]
[Round "4"]
[White "Almonti, Alessandro"]
[Black "Pesce, Gabriele"]
[Result "1-0"]
[WhiteElo "2033"]
[BlackElo "2179"]
[PlyCount "100"]
[EventDate "2010.11.26"]

1. c4 e5 2. g3 Nf6 3. Bg2 Nc6 4. Nc3 Bc5 5. a3 a5 6. e3 O-O 7. Nge2 d6 8. O-O
Bg4 9. h3 Bf5 10. d3 Qd7 11. Kh2 Ba7 12. b3 Nd8 13. b4 c6 14. e4 Bg6 15. Bg5
Ne8 16. Rb1 f5 17. Be3 Ne6 18. Bxa7 Rxa7 19. f4 axb4 20. axb4 Nd4 21. Nxd4 exd4
22. exf5 Qxf5 23. Ne4 Qe6 24. Ra1 Rxa1 25. Qxa1 Bxe4 26. Bxe4 d5 27. cxd5 cxd5
28. Bg2 Qe4 29. Qd1 Qe6 30. Re1 Qd6 31. Qb3 Nf6 32. Qb2 Qb6 33. Re5 Rd8 34. Qa3
Qa6 35. Qxa6 bxa6 36. g4 Rd6 37. g5 Nh5 38. Rxd5 Rxd5 39. Bxd5+ Kf8 40. f5 Ke7
41. Bc4 Kd6 42. Bxa6 Nf4 43. Kg3 Nd5 44. Bc4 Nxb4 45. f6 gxf6 46. gxf6 Kd7 47.
Kf4 Nxd3+ 48. Bxd3 Ke6 49. Kg5 Kf7 50. Bxh7 Kf8 1-0

[Event "IV Weekend A"]
[Site "Recco ITA"]
[Date "2010.11.28"]
[Round "4"]
[White "Bellia, Fabrizio"]
[Black "Naumkin, Igor"]
[Result "1/2-1/2"]
[WhiteElo "2399"]
[BlackElo "2506"]
[PlyCount "74"]
[EventDate "2010.11.26"]

1. e4 e6 2. d4 d5 3. Nd2 Nc6 4. Ngf3 Nf6 5. e5 Nd7 6. c4 dxc4 7. Nxc4 Nb6 8. a3
h6 9. Bd3 Nxc4 10. Bxc4 Ne7 11. O-O Bd7 12. Be3 Bc6 13. Rc1 Qd7 14. Qd2 a6 15.
Rfd1 Bb5 16. b3 Nd5 17. Qb2 Be7 18. Bd2 O-O 19. Ba5 b6 20. Bxd5 Qxd5 21. Bb4
Bxb4 22. axb4 Rfc8 23. Nd2 Bc6 24. f3 Qb5 25. Qc3 Bd5 26. Nc4 a5 27. bxa5 bxa5
28. Nd2 Rcb8 29. Ra1 Rb6 30. Rdc1 Rc6 31. Qe3 Raa6 32. h3 Qb4 33. Qd3 Rab6 34.
Kh2 Rxc1 35. Rxc1 Rc6 36. Rxc6 Bxc6 37. Ne4 a4 1/2-1/2

[Event "IV Weekend A"]
[Site "Recco ITA"]
[Date "2010.11.28"]
[Round "4"]
[White "Bozzo, Alberto"]
[Black "Grinza, Andrea"]
[Result "0-1"]
[WhiteElo "1930"]
[BlackElo "2207"]
[PlyCount "88"]
[EventDate "2010.11.26"]

1. d4 Nf6 2. Nf3 b6 3. e3 Bb7 4. Bd3 e6 5. Nbd2 c5 6. O-O Be7 7. Re1 Nc6 8. c3
O-O 9. Qe2 Qc8 10. dxc5 Bxc5 11. Nb3 Be7 12. e4 d6 13. e5 Nxe5 14. Nxe5 dxe5
15. Qxe5 Rd8 16. Bc2 Rd5 17. Qe2 Qc6 18. f3 Rh5 19. Bf4 Bd6 20. Bxd6 Qxd6 21.
h3 Qg3 22. Qf2 Rxh3 23. Qxg3 Rxg3 24. Kf2 Rg5 25. Rad1 Rd5 26. Rd4 Rad8 27.
Red1 Kf8 28. c4 Rxd4 29. Rxd4 Rxd4 30. Nxd4 Ke7 31. Ba4 Kd6 32. Nb5+ Kc5 33.
Bb3 a6 34. Nc3 Bc6 35. Ke3 Ne8 36. Bc2 Nd6 37. b3 h6 38. a3 a5 39. Ne2 b5 40.
cxb5 Nxb5 41. a4 Nc7 42. Nd4 Nd5+ 43. Ke4 Bb7 44. Bd3 Nc3+ 0-1

[Event "IV Weekend A"]
[Site "Recco ITA"]
[Date "2010.11.28"]
[Round "4"]
[White "Caputi, Giuliano"]
[Black "Astengo, Marcello"]
[Result "0-1"]
[WhiteElo "1925"]
[BlackElo "2070"]
[PlyCount "178"]
[EventDate "2010.11.26"]

1. e4 e6 2. d4 d5 3. Nd2 Nf6 4. e5 Ng8 5. Bd3 c5 6. c3 Bd7 7. Ne2 Nc6 8. f4
Qh4+ 9. g3 Qd8 10. Nf3 Nh6 11. Be3 cxd4 12. Nexd4 Be7 13. Qc2 g6 14. Qd2 O-O
15. h3 f6 16. Qc2 Kg7 17. O-O Rc8 18. Qd2 Nf7 19. Rae1 Qc7 20. Kg2 Kg8 21. exf6
Bxf6 22. Nxc6 bxc6 23. Bc5 Rfe8 24. Qf2 Bg7 25. Ne5 Ra8 26. b4 Bc8 27. a4 Bb7
28. a5 Nd6 29. Qc2 Nf5 30. Kh2 Qc8 31. Qe2 Bf8 32. Bxf5 exf5 33. Qe3 Ba6 34.
Rf2 Qc7 35. Bxf8 Kxf8 36. Qc5+ Kg7 37. Rd1 Rac8 38. Qd4 Kg8 39. Rfd2 Red8 40.
Qc5 Bb5 41. Re1 a6 42. Re3 Qd6 43. Qxd6 Rxd6 44. Nf3 c5 45. Re7 cxb4 46. cxb4
Rc4 47. Rd4 Rc3 48. Kg2 Rb3 49. Kf2 Bc4 50. Nd2 Rxb4 51. Nxc4 Rxc4 52. Rxc4
dxc4 53. Rc7 Rd2+ 54. Kf1 Rg2 55. Rxc4 Rxg3 56. Rc6 Rxh3 57. Kf2 Ra3 58. Rxa6
Kg7 59. Kg2 h5 60. Kf2 h4 61. Kg2 h3+ 62. Kh2 Kh6 63. Ra8 Kh5 64. a6 Kg4 65.
Rg8 Rxa6 66. Rg7 Ra2+ 67. Kh1 Ra6 68. Kh2 Kxf4 69. Kxh3 g5 70. Rb7 Ra3+ 71. Kg2
Kg4 72. Rb2 f4 73. Rc2 Re3 74. Kf2 Rf3+ 75. Kg2 Rg3+ 76. Kh2 Rh3+ 77. Kg2 f3+
78. Kg1 Kg3 79. Rg2+ Kh4 80. Rb2 Rg3+ 81. Kh1 Rg4 82. Rh2+ Kg3 83. Kg1 Rb4 84.
Rg2+ Kf4 85. Rc2 g4 86. Rc7 Kg3 87. Rc1 Rb2 88. Rf1 f2+ 89. Kh1 Rb6 0-1

[Event "IV Weekend A"]
[Site "Recco ITA"]
[Date "2010.11.28"]
[Round "4"]
[White "Ciccarelli, Marco"]
[Black "De Florio, Federico"]
[Result "0-1"]
[WhiteElo "1871"]
[BlackElo "2200"]
[PlyCount "106"]
[EventDate "2010.11.26"]

1. e4 c6 2. d4 d5 3. Nd2 dxe4 4. Nxe4 Nd7 5. Bc4 Ngf6 6. Ng5 e6 7. Qe2 Nb6 8.
Bd3 h6 9. N5f3 c5 10. dxc5 Bxc5 11. Ne5 Qc7 12. Ngf3 Nbd7 13. O-O O-O 14. Bf4
Bd6 15. Nxd7 Bxd7 16. Bxd6 Qxd6 17. Rad1 Qb6 18. c3 Rfd8 19. Rd2 Rdc8 20. Ne5
Be8 21. Rfd1 Rc5 22. Nc4 Qc7 23. Nd6 Bc6 24. Bb5 Bd5 25. Ne8 Nxe8 26. Bxe8 Bc4
27. Qf3 Rf5 28. Rd7 Qxd7 29. Bxd7 Rxf3 30. gxf3 Rd8 31. Ba4 Rxd1+ 32. Bxd1 Bxa2
33. Bc2 Bd5 34. Kg2 g5 35. Kg3 Kg7 36. f4 gxf4+ 37. Kxf4 Kf6 38. h4 b6 39. Bd3
Bb3 40. Be4 Bd1 41. Bd3 Ke7 42. Ke3 Kf6 43. f4 Bg4 44. Bf1 Kg6 45. Ke4 f6 46.
c4 a5 47. Bg2 Kh5 48. Kd4 Kxh4 49. c5 bxc5+ 50. Kxc5 Kg3 51. Bc6 h5 52. Kb5 h4
53. Kxa5 h3 0-1

[Event "IV Weekend A"]
[Site "Recco ITA"]
[Date "2010.11.28"]
[Round "4"]
[White "Del Noce, Roberto"]
[Black "Cavatorta, Fosco"]
[Result "1-0"]
[WhiteElo "1866"]
[BlackElo "1941"]
[PlyCount "42"]
[EventDate "2010.11.26"]

1. e4 d6 2. Bc4 Nf6 3. d3 g6 4. Nf3 Bg7 5. O-O O-O 6. c3 c6 7. a4 d5 8. exd5
cxd5 9. Ba2 Nc6 10. d4 Qd6 11. h3 a6 12. Re1 b5 13. Ne5 Bb7 14. Bf4 Qd8 15. Nd2
Na5 16. Nf1 Nc4 17. Rb1 Rc8 18. Qf3 e6 19. Bxc4 bxc4 20. Bg5 Rc7 21. Ng4 h6 1-0

[Event "IV Weekend A"]
[Site "Recco ITA"]
[Date "2010.11.28"]
[Round "4"]
[White "Lupini, Stefano"]
[Black "Mortola, Alberto"]
[Result "1-0"]
[WhiteElo "1924"]
[BlackElo "1983"]
[PlyCount "60"]
[EventDate "2010.11.26"]

1. d4 f5 2. c4 Nf6 3. Nf3 g6 4. Nc3 Bg7 5. Bf4 O-O 6. e3 d6 7. h3 c6 8. Be2 Qe8
9. Qb3 Nbd7 10. c5+ d5 11. g4 Kh8 12. Ne5 Nxe5 13. Bxe5 Ne4 14. Bxg7+ Kxg7 15.
f3 Ng3 16. Rg1 Nxe2 17. Nxe2 fxg4 18. hxg4 Rxf3 19. O-O-O e5 20. Qc3 Rf2 21.
Rde1 e4 22. Nf4 Qf7 23. g5 Bd7 24. Rh1 Rxf4 25. exf4 Qxf4+ 26. Qd2 Qxd2+ 27.
Kxd2 Bg4 28. Ke3 Rf8 29. Ref1 Bf3 30. Rhg1 h5 1-0

[Event "IV Weekend A"]
[Site "Recco ITA"]
[Date "2010.11.28"]
[Round "4"]
[White "Milleri, Leonardo"]
[Black "Formento, Paolo"]
[Result "0-1"]
[WhiteElo "1902"]
[BlackElo "1976"]
[PlyCount "86"]
[EventDate "2010.11.26"]

1. e4 e5 2. Nf3 Nc6 3. Bc4 Be7 4. O-O Nf6 5. Re1 O-O 6. d4 d6 7. Nc3 Bg4 8.
dxe5 dxe5 9. Bg5 Qxd1 10. Raxd1 Nd4 11. Rd3 Bxf3 12. gxf3 Nxc2 13. Red1 Nb4 14.
Bxf6 Nxd3 15. Bxe7 Nxb2 16. Bxf8 Nxd1 17. Nxd1 Kxf8 18. Nc3 c6 19. Kf1 Ke7 20.
h4 Rd8 21. Ke2 Rd4 22. Bb3 Rd6 23. Nd1 b5 24. Ne3 g6 25. h5 Rd8 26. Ng4 f6 27.
hxg6 hxg6 28. Ke3 a5 29. a4 Rd4 30. axb5 cxb5 31. Ke2 a4 32. Bd5 a3 33. Ne3 Rb4
34. Kd1 Rb1+ 35. Kc2 Rb2+ 36. Kc1 Rxf2 37. Nc2 Rxf3 38. Kb1 g5 39. Bb7 Kd7 40.
Ba6 Kc7 41. Ka2 Rf2 42. Kb3 a2 43. Na1 g4 0-1

[Event "IV Weekend A"]
[Site "Recco ITA"]
[Date "2010.11.28"]
[Round "4"]
[White "Platino, Maurizio"]
[Black "Molina, Fabrizio"]
[Result "0-1"]
[WhiteElo "1849"]
[BlackElo "2209"]
[PlyCount "100"]
[EventDate "2010.11.26"]

1. d4 d6 2. c4 e5 3. Nf3 Nd7 4. e4 Ngf6 5. Nc3 c6 6. Be2 g6 7. O-O Bg7 8. dxe5
dxe5 9. Qd6 Bf8 10. Qd1 Qc7 11. a3 a5 12. Bg5 h6 13. Bxf6 Nxf6 14. Qd2 Be7 15.
Rfd1 Be6 16. h3 Kf8 17. Qe3 a4 18. Rac1 Qa5 19. Qd2 Kg7 20. Qc2 Rhc8 21. Qb1
Bc5 22. Qc2 Bf8 23. Qb1 Nd7 24. Qc2 f6 25. b3 axb3 26. Qxb3 Nc5 27. Qc2 Qxa3
28. Rb1 Rd8 29. Ra1 Qxa1 30. Rxa1 Rxa1+ 31. Kh2 Rda8 32. Nd2 R1a3 33. Ndb1 R3a7
34. Nd2 h5 35. h4 Bf7 36. Qb2 Ra3 37. Ndb1 Rb3 38. Qc2 Rb4 39. Nd2 Ne6 40. Bf1
Ra3 41. Ndb1 Rab3 42. f3 Nd4 43. Qd1 Rb2 44. Bd3 Bxc4 45. Bxc4 Rxc4 46. Qf1 b5
47. Kh3 Rc2 48. Qd1 Rb4 49. Nd2 Rbb2 50. Ncb1 Bb4 0-1

[Event "IV Weekend A"]
[Site "Recco ITA"]
[Date "2010.11.28"]
[Round "4"]
[White "Poli, Giuseppe"]
[Black "Musso, Valerio"]
[Result "1-0"]
[WhiteElo "1921"]
[BlackElo "2002"]
[PlyCount "67"]
[EventDate "2010.11.26"]

1. d4 Nf6 2. Nf3 e6 3. Bf4 b6 4. e3 Bb7 5. Bd3 Be7 6. h3 O-O 7. O-O Nh5 8. Bh2
f5 9. c4 d6 10. Nc3 c5 11. Qe2 Nf6 12. Rfd1 Na6 13. Rac1 d5 14. cxd5 Nxd5 15.
Bxa6 Bxa6 16. Qxa6 Nxc3 17. Rxc3 Qd5 18. Rcd3 Rfc8 19. dxc5 Qxc5 20. Be5 Rd8
21. Rxd8+ Rxd8 22. Rxd8+ Bxd8 23. Qxa7 Qf8 24. Qd7 Qe7 25. Qxe7 Bxe7 26. Kf1
Kf7 27. Ke2 g5 28. a3 g4 29. hxg4 fxg4 30. Ne1 Bf6 31. Bxf6 Kxf6 32. g3 Ke5 33.
Kd3 h5 34. Ng2 1-0

[Event "IV Weekend A"]
[Site "Recco ITA"]
[Date "2010.11.28"]
[Round "4"]
[White "Roversi, Stefano"]
[Black "Mercandelli, Claudio"]
[Result "0-1"]
[WhiteElo "1873"]
[BlackElo "1908"]
[PlyCount "48"]
[EventDate "2010.11.26"]

1. e4 Nc6 2. d4 e5 3. Nf3 exd4 4. Nxd4 Bb4+ 5. c3 Bc5 6. Be3 Bb6 7. Be2 Nge7 8.
O-O d6 9. Nd2 O-O 10. Nc4 f5 11. Nxb6 axb6 12. Qb3+ Kh8 13. exf5 Nxd4 14. cxd4
Nxf5 15. Bd3 Qf6 16. Rac1 Nh4 17. Qd5 Ra5 18. Qc4 Nxg2 19. Qxc7 Bh3 20. Bd2 Nf4
21. Be4 Ne2+ 22. Kh1 Nxc1 23. Rxc1 Qxf2 24. Rg1 Qxg1+ 0-1

[Event "IV Weekend A"]
[Site "Recco ITA"]
[Date "2010.11.28"]
[Round "4"]
[White "Vicentini, Andrea"]
[Black "Angelini, Marco"]
[Result "0-1"]
[WhiteElo "1993"]
[BlackElo "2189"]
[PlyCount "54"]
[EventDate "2010.11.26"]

1. e4 c5 2. Nc3 Nc6 3. g3 g6 4. Bg2 Bg7 5. Nge2 e6 6. O-O Nge7 7. d3 O-O 8. f4
d6 9. h3 Bd7 10. Be3 Nd4 11. Qd2 Bc6 12. Nd1 Qd7 13. c3 Nxe2+ 14. Qxe2 b6 15.
Nf2 Rae8 16. Rfd1 Qb7 17. Qf1 f5 18. g4 e5 19. exf5 gxf5 20. g5 Ng6 21. Bxc6
Qxc6 22. Qg2 Qxg2+ 23. Kxg2 exf4 24. Bd2 Re2 25. Kf1 f3 26. Rac1 Nh4 27. Rc2
Ng2 0-1

[Event "IV Weekend A"]
[Site "Recco ITA"]
[Date "2010.11.28"]
[Round "5"]
[White "Angelini, Marco"]
[Black "Platino, Maurizio"]
[Result "1-0"]
[WhiteElo "2189"]
[BlackElo "1849"]
[PlyCount "83"]
[EventDate "2010.11.26"]

1. e4 e6 2. d4 d5 3. Nc3 Nf6 4. e5 Nfd7 5. f4 c5 6. Nf3 Nc6 7. Be3 a6 8. Qd2 b5
9. dxc5 Bxc5 10. Nd4 Bxd4 11. Bxd4 Nxd4 12. Qxd4 Qb6 13. O-O-O O-O 14. Ne2 Bb7
15. Kb1 Rac8 16. Qxb6 Nxb6 17. c3 Rc7 18. Nd4 Nc4 19. Bd3 Ne3 20. Rd2 g6 21.
Re2 Nf5 22. Bxf5 gxf5 23. h3 Kh8 24. g4 fxg4 25. hxg4 Bc8 26. f5 exf5 27. gxf5
f6 28. e6 Re8 29. Reh2 Rf8 30. a3 Kg8 31. Rh6 Bb7 32. R1h2 Bc8 33. Ne2 Bb7 34.
R2h4 Rg7 35. Nf4 d4 36. Nh5 Rg1+ 37. Kc2 d3+ 38. Kxd3 Rd8+ 39. Rd4 Rd1+ 40. Ke3
Re1+ 41. Kd2 Rxd4+ 42. cxd4 1-0

[Event "IV Weekend A"]
[Site "Recco ITA"]
[Date "2010.11.28"]
[Round "5"]
[White "De Florio, Federico"]
[Black "Grinza, Andrea"]
[Result "1-0"]
[WhiteElo "2200"]
[BlackElo "2207"]
[PlyCount "53"]
[EventDate "2010.11.26"]

1. d4 Nf6 2. Nf3 b6 3. e3 Bb7 4. Bd3 e6 5. Nbd2 c5 6. O-O Be7 7. b3 Nc6 8. a3
cxd4 9. exd4 Nd5 10. c4 Nf4 11. Bb1 Bf6 12. Ne4 Qc7 13. Nxf6+ gxf6 14. d5 Rg8
15. Nh4 Nd4 16. Ra2 Qe5 17. Be3 Qg5 18. Qxd4 e5 19. Bxf4 exf4 20. Qe4+ Kd8 21.
Nf5 Kc7 22. h4 Qg4 23. f3 Qh5 24. Qxf4+ Kd8 25. Re2 Ba6 26. Qd6 Qg6 27. Rfe1
1-0

[Event "IV Weekend A"]
[Site "Recco ITA"]
[Date "2010.11.28"]
[Round "5"]
[White "Di Paolo, Raffaele"]
[Black "Bellia, Fabrizio"]
[Result "1/2-1/2"]
[WhiteElo "2336"]
[BlackElo "2399"]
[PlyCount "28"]
[EventDate "2010.11.26"]

1. d4 d5 2. c4 c6 3. cxd5 cxd5 4. Bf4 Nc6 5. Nc3 Bf5 6. e3 e6 7. Bd3 Bxd3 8.
Qxd3 Bd6 9. Bxd6 Qxd6 10. Nf3 Nf6 11. O-O O-O 12. Rac1 Rac8 13. a3 a6 14. b4 b5
1/2-1/2

[Event "IV Weekend A"]
[Site "Recco ITA"]
[Date "2010.11.28"]
[Round "5"]
[White "Formento, Paolo"]
[Black "Poli, Giuseppe"]
[Result "0-1"]
[WhiteElo "1976"]
[BlackElo "1921"]
[PlyCount "82"]
[EventDate "2010.11.26"]

1. e4 c5 2. Nf3 d6 3. Bb5+ Bd7 4. Bxd7+ Qxd7 5. O-O Nc6 6. d4 cxd4 7. Nxd4 Nf6
8. Nc3 g6 9. f3 Bg7 10. Be3 O-O 11. Qd2 Rac8 12. Nxc6 bxc6 13. Qf2 Qb7 14. Rab1
Nd7 15. Rfd1 Ne5 16. Qe2 Rfd8 17. f4 Nd7 18. g4 Nb6 19. Bf2 d5 20. e5 e6 21.
Rd3 Rf8 22. g5 h6 23. gxh6 Bxh6 24. Qg4 Nd7 25. Bh4 Qb4 26. Bf6 Qxf4 27. Qxf4
Bxf4 28. Rh3 Nxf6 29. exf6 Be5 30. Rf1 Rb8 31. a3 Rxb2 32. Nd1 Rb1 33. c3 Bxf6
34. Rxf6 Rxd1+ 35. Kf2 Rb8 36. Rhf3 Rb7 37. Kg3 c5 38. Kh4 d4 39. cxd4 cxd4 40.
R6f4 e5 41. Rg4 Kg7 0-1

[Event "IV Weekend A"]
[Site "Recco ITA"]
[Date "2010.11.28"]
[Round "5"]
[White "Lupini, Stefano"]
[Black "Bozzo, Alberto"]
[Result "1/2-1/2"]
[WhiteElo "1924"]
[BlackElo "1930"]
[PlyCount "66"]
[EventDate "2010.11.26"]

1. d4 Nf6 2. c4 e6 3. Nf3 d5 4. cxd5 exd5 5. Nc3 c6 6. Bg5 Be7 7. e3 Bg4 8. h3
Bh5 9. Bd3 Nbd7 10. Qc2 O-O 11. Nd2 c5 12. dxc5 Nxc5 13. Bxf6 Nxd3+ 14. Qxd3
Bxf6 15. Qxd5 Qxd5 16. Nxd5 Bxb2 17. Rb1 Ba3 18. Nf4 Bg6 19. Nxg6 hxg6 20. Rxb7
Rac8 21. O-O Rfd8 22. Rxa7 Bc5 23. Rb7 Rxd2 24. Rc1 Rxa2 25. Rb5 Rxf2 26. Rbxc5
Rxc5 27. Rxc5 Ra2 28. Rc8+ Kh7 29. Kh2 Ra5 30. Kg3 f6 31. Kf3 Rf5+ 32. Kg3 Rg5+
33. Kf3 Rf5+ 1/2-1/2

[Event "IV Weekend A"]
[Site "Recco ITA"]
[Date "2010.11.28"]
[Round "5"]
[White "Mercandelli, Claudio"]
[Black "Caputi, Giuliano"]
[Result "1-0"]
[WhiteElo "1908"]
[BlackElo "1925"]
[PlyCount "93"]
[EventDate "2010.11.26"]

1. Nf3 Nf6 2. c4 e6 3. g3 d5 4. Bg2 Nbd7 5. b3 c6 6. O-O Be7 7. Bb2 O-O 8. d3
Re8 9. Nbd2 Nf8 10. Qc2 Ng6 11. e4 Nd7 12. exd5 exd5 13. cxd5 cxd5 14. Nd4 Nc5
15. Rfe1 Ne6 16. Nf5 Bf8 17. d4 Qa5 18. Ne3 Ne7 19. a3 Bd7 20. b4 Qb5 21. Qb3
a5 22. Rec1 a4 23. Qd1 Bc6 24. Nf3 f6 25. Bf1 Qb6 26. Bd3 Bb5 27. Bb1 Rac8 28.
Ba2 Qd6 29. h4 Qd7 30. Kg2 Nc7 31. Rc5 b6 32. Rxb5 Qxb5 33. Bb1 Qd7 34. Qd3 g6
35. h5 Qb5 36. Qd1 Qd7 37. hxg6 hxg6 38. Nh4 Bh6 39. Nxg6 Bxe3 40. fxe3 Nxg6
41. Bxg6 Re7 42. Qh5 Rh7 43. Bxh7+ Qxh7 44. Qg4+ Kf7 45. Qd7+ Kg6 46. Qxc8 Kg5
47. Rc1 1-0

[Event "IV Weekend A"]
[Site "Recco ITA"]
[Date "2010.11.28"]
[Round "5"]
[White "Molina, Fabrizio"]
[Black "Stoppa, Omar"]
[Result "1/2-1/2"]
[WhiteElo "2209"]
[BlackElo "2258"]
[PlyCount "49"]
[EventDate "2010.11.26"]

1. Nf3 c5 2. c4 g6 3. Nc3 Bg7 4. d4 cxd4 5. Nxd4 Nc6 6. Nc2 Nf6 7. e4 O-O 8.
Be2 b6 9. O-O Bb7 10. Bg5 Rc8 11. f3 Na5 12. b3 a6 13. Bd2 Ne8 14. Qe1 Nd6 15.
Rd1 f5 16. Nd5 fxe4 17. Bc3 Bxc3 18. Qxc3 e6 19. Nde3 exf3 20. Bxf3 Bxf3 21.
Rxd6 Bc6 22. Rxf8+ Qxf8 23. Ng4 Qg7 24. Qe3 Rf8 25. Rd1 1/2-1/2

[Event "IV Weekend A"]
[Site "Recco ITA"]
[Date "2010.11.28"]
[Round "5"]
[White "Mortola, Alberto"]
[Black "Roversi, Stefano"]
[Result "1-0"]
[WhiteElo "1983"]
[BlackElo "1873"]
[PlyCount "54"]
[EventDate "2010.11.26"]

1. e4 c5 2. c3 d5 3. exd5 Qxd5 4. d4 Nf6 5. Nf3 Bg4 6. Be2 e6 7. O-O cxd4 8.
Nxd4 Bxe2 9. Qxe2 Nc6 10. Be3 Rc8 11. Rd1 Be7 12. Nd2 O-O 13. N2f3 Qh5 14. Nxc6
Rxc6 15. Nd4 Qxe2 16. Nxe2 Nd5 17. Bd4 Bc5 18. Rd2 f6 19. Rad1 Bb6 20. Bxb6
Rxb6 21. c4 Nb4 22. a3 Nc6 23. b4 Ne5 24. c5 Ra6 25. f4 Nc4 26. Rd7 Rxa3 27.
Rxb7 Ra6 1-0

[Event "IV Weekend A"]
[Site "Recco ITA"]
[Date "2010.11.28"]
[Round "5"]
[White "Musso, Valerio"]
[Black "Milleri, Leonardo"]
[Result "1/2-1/2"]
[WhiteElo "2002"]
[BlackElo "1902"]
[PlyCount "119"]
[EventDate "2010.11.26"]

1. c4 Nf6 2. Nc3 d5 3. cxd5 Nxd5 4. g3 g6 5. Bg2 Nb6 6. d3 Bg7 7. Nf3 Nc6 8.
O-O O-O 9. a3 Bd7 10. Bd2 Qc8 11. Bh1 Re8 12. Rc1 a5 13. a4 Nb4 14. b3 N4d5 15.
Nxd5 Nxd5 16. e4 Nb4 17. Bxb4 axb4 18. e5 Bc6 19. d4 Bd5 20. Qc2 Bh6 21. Nd2
Bxd2 22. Bxd5 Bxc1 23. Rxc1 c6 24. Bg2 Rd8 25. Qc5 Qg4 26. Qxb4 Rxd4 27. Qxb7
Rad8 28. Bxc6 Rd1+ 29. Rxd1 Rxd1+ 30. Kg2 Qe2 31. Bb5 Qxe5 32. Bc4 e6 33. Qa8+
Kg7 34. a5 Qc5 35. a6 Rd2 36. Qf3 Ra2 37. Qc3+ Kg8 38. Qf6 Rd2 39. Qf4 Rb2 40.
Qf3 Ra2 41. h4 h5 42. Qf4 Qc6+ 43. Qf3 Qc5 44. Be2 Ra1 45. Qd3 Ra2 46. Qc4 Qb6
47. Qc8+ Kg7 48. Qb7 Qc5 49. Qf3 Qb6 50. Qc3+ Kg8 51. Qf3 Qc5 52. Qd3 Rb2 53.
Qc4 Qe5 54. Qb5 Qd4 55. Qb8+ Kg7 56. Qb5 Qe4+ 57. Bf3 Qd4 58. Be2 Qe4+ 59. Bf3
Qd4 60. Be2 1/2-1/2

[Event "IV Weekend A"]
[Site "Recco ITA"]
[Date "2010.11.28"]
[Round "5"]
[White "Naumkin, Igor"]
[Black "Almonti, Alessandro"]
[Result "1/2-1/2"]
[WhiteElo "2506"]
[BlackElo "2033"]
[PlyCount "41"]
[EventDate "2010.11.26"]

1. d4 Nf6 2. Nf3 d6 3. Nc3 Nbd7 4. e4 e5 5. Be2 Be7 6. O-O O-O 7. Re1 c6 8. a4
Re8 9. Bf1 Bf8 10. Bg5 Qc7 11. Qd2 b6 12. h3 a6 13. d5 c5 14. b3 Kh8 15. Be3
Be7 16. g3 Nh5 17. Kh2 g6 18. Bg2 Ng7 19. Qe2 Qd8 20. Nd2 f5 21. Nc4 1/2-1/2